000 00588nam a22001697a 4500
003 OSt
005 20240930172716.0
008 240930b |||||||| |||| 00| 0 eng d
040 _c0
082 _aDPer 050 R22 2000 June -December 2023 v123 no. 7124-728
100 _a Rideout, Samantha.
_eauthor.
_961852
245 _a13 Things :
_bIlluminating facts about fireworks /
_cSamantha Rideout.
260 _aTaipei ;
_bReader's Digest Asia,
_cDecember-January 2023.
300 _aVolume 123, pages 68-70 ,
_billustration.
700 _aRideout, Samantha.
_eauthor.
_961824
942 _2ddc
_cPER
999 _c22032
_d22032